| 000 | 00627cab a2200193 4500 | ||
|---|---|---|---|
| 001 | ABS40642 | ||
| 008 | 090401t1989 xxu||||| |||| 00| 0 eng d | ||
| 035 | _a(Sirsi) u25195 | ||
| 041 | _aeng | ||
| 100 | _aBond, R. | ||
| 245 | _aKirklees picks its partners for progress | ||
| 260 | _c1989 | ||
| 350 | _a0 | ||
| 490 |
_aSurveyor _v171(5041) 20 April 1989, 14-17(4) |
||
| 520 | _aExamines the joint venture between Kirklees DC and Henry Boot to redevelop and promote the town and the possibilities for other councils of similar partnerships . | ||
| 690 | _aPLANNING LAW AND PRACTICE | ||
| 942 | _n0 | ||
| 948 | _c04/03/1997 | ||
| 999 |
_c16909 _d16909 |
||